000 00306nam a22001337a 4500
008 181018b xxu||||| |||| 00| 0 eng d
020 _a9780130186621
041 _aeng
080 _a941
100 _a17
101 _aHIS
245 _aFlashback. A Brief History of Film.
_cGianneti, L
942 _2udc
_cBK
999 _c50133
_d50133